| 000 | 00583cam a2200145 4500500 | ||
|---|---|---|---|
| 005 | 20251228092831.0 | ||
| 041 | _afre | ||
| 042 | _adc | ||
| 100 | 1 | 0 |
_aHartmann-Virnich, Andreas _eauthor |
| 245 | 0 | 0 | _aErnst SCHUBERT, Essen und Trinken im Mittelalter, Darmstadt, Primus Verlag, 2006 ; 1 vol. in-8o, 440 p. ISBN : 978-3896785787. Prix : € 39,90. |
| 260 | _c2011. | ||
| 500 | _a73 | ||
| 786 | 0 | _nLe Moyen Age | CXVII | 1 | 2011-12-10 | p. 117zzy-216zzy | 0027-2841 | |
| 856 | 4 | 1 | _uhttps://shs.cairn.info/revue-le-moyen-age-2011-1-page-117zzy?lang=fr&redirect-ssocas=7080 |
| 999 |
_c1603678 _d1603678 |
||